000 00510nam a22001817a 4500
005 20251108170931.0
008 250721s1996 xx 000 0 ara d
082 1 4 _a633/علي
100 1 _aالدجوي، علي
245 1 0 _aمحاصيل الحبوب /
264 1 _aالقاهرة :
_bمكتبة مدبولي،
_c1996.
300 _a151ص
490 0 _aالمكتبة الزراعية
650 1 7 _aالمحاصيل الزراعية
650 1 7 _aالحبوب
942 _2ddc
_cBK
999 _c52488
_d52488